[Event "XIX Memorial Nicola Berruto A"]
[Site "Nichelino ITA"]
[Date "2016.03.11"]
[Round "5"]
[White "Saggiorato, Diego"]
[Black "Lieggi, Daniele"]
[WhiteElo "1680"]
[BlackElo "1769"]
[Result "0-1"]
[PlyCount "120"]
[EventDate "2016.02.12"]

1. d4 d5 2. c4 e6 3. Nc3 Nf6 4. cxd5 Nxd5 5. e4 Nxc3 6. bxc3 c5 7. Nf3 cxd4 8.
cxd4 Qc7 9. Bd3 Qc3+ 10. Qd2 Qxa1 11. O-O Bd7 12. Qc2 Nc6 13. Bd2 Nxd4 14. Rxa1
Nxc2 15. Bxc2 Rd8 16. Be3 Rc8 17. Bb3 Bc5 18. Bd2 O-O 19. Ne5 Bd4 20. Nxd7 Bxa1
21. Nxf8 Rxf8 22. f3 Rd8 23. Bg5 Bf6 24. Bf4 b6 25. Bc7 Rc8 26. Bf4 Rc3 27. Bd2
Rd3 28. Be1 a5 29. Bg3 b5 30. Bf4 a4 31. Bc2 Ra3 32. Bb1 Bd4+ 33. Kf1 e5 34.
Bd2 Bc5 35. Bc1 Rc3 36. Bd2 Rc4 37. Bd3 Rd4 38. Ke2 Rd8 39. Bxb5 Rb8 40. Bxa4
Rb2 41. Kd3 Rxa2 42. Bc6 Bd4 43. g3 Ra6 44. Bd5 Ra1 45. f4 Rh1 46. h4 Rg1 47.
fxe5 Bxe5 48. Bf4 Bxf4 49. gxf4 Rg4 50. Ke3 Rxh4 51. e5 Kf8 52. Kf3 Rh3+ 53.
Kg4 Rd3 54. Be4 Rd1 55. Bxh7 g6 56. f5 Kg7 57. fxg6 fxg6 58. Bxg6 Kxg6 59. Kf4
Rd4+ 60. Ke3 Ra4 0-1

[Event "XIX Memorial Nicola Berruto A"]
[Site "Nichelino ITA"]
[Date "2016.03.11"]
[Round "5"]
[White "Terzo, Andrea"]
[Black "D'Ingiullo, Roberto"]
[WhiteElo "1873"]
[BlackElo "2091"]
[Result "1-0"]
[PlyCount "95"]
[EventDate "2016.02.12"]

1. d4 Nf6 2. c4 Nc6 3. Nf3 e6 4. Nc3 Bb4 5. Qc2 d6 6. a3 Bxc3+ 7. Qxc3 O-O 8.
Bg5 h6 9. Bh4 Re8 10. d5 exd5 11. cxd5 Ne5 12. Bxf6 Qxf6 13. Nxe5 Qxe5 14. Qxe5
Rxe5 15. O-O-O Bf5 16. f3 Re3 17. g4 Bg6 18. h4 Rae8 19. Rd4 f5 20. h5 Bh7 21.
Rb4 b6 22. gxf5 Bxf5 23. Rhh4 R8e5 24. Rhd4 Kf7 25. Rbc4 Re7 26. Kd2 R3e5 27.
e4 Bc8 28. Rc3 Ke8 29. Ra4 a5 30. Bb5+ Bd7 31. Bxd7+ Rxd7 32. b4 axb4 33. axb4
Rxh5 34. Ra8+ Ke7 35. Rc8 Rh2+ 36. Ke3 Rb2 37. R8xc7 Rxb4 38. f4 b5 39. Rc8 Rb1
40. Rg8 Kf6 41. Rc6 Kf7 42. Rcc8 b4 43. Kf3 b3 44. Kg4 Rg1+ 45. Kh5 Rh1+ 46.
Kg4 b2 47. Rcf8+ Kg6 48. f5+ 1-0

[Event "XIX Memorial Nicola Berruto A"]
[Site "Nichelino ITA"]
[Date "2016.03.11"]
[Round "5"]
[White "Tomanin, Roberto"]
[Black "Marguati, Massimiano"]
[WhiteElo "1590"]
[BlackElo "1911"]
[Result "0-1"]
[PlyCount "58"]
[EventDate "2016.02.12"]

1. d4 e6 2. Bf4 c5 3. e3 Nf6 4. Nd2 cxd4 5. exd4 Nd5 6. Bg3 Qb6 7. Nc4 Qc6 8.
c3 d6 9. Nf3 Be7 10. Be2 b5 11. Na3 Ba6 12. Nc2 Nd7 13. O-O O-O 14. Re1 N7b6
15. Nd2 Qd7 16. Bf3 Rac8 17. Be2 Bb7 18. a3 Na4 19. Qb1 Nab6 20. Nb4 Nf6 21.
Bf3 Bxf3 22. Nxf3 Nh5 23. Bh4 Nf4 24. Re4 Ng6 25. Bg3 f5 26. Nh4 Nxh4 27. Bxh4
fxe4 28. Bxe7 Qxe7 29. Qxe4 Qf6 0-1

[Event "XIX Memorial Nicola Berruto A"]
[Site "Nichelino ITA"]
[Date "2016.03.11"]
[Round "5"]
[White "Vinco, Alberto"]
[Black "Coqueraut, Jean Dominique"]
[WhiteElo "1624"]
[BlackElo "1731"]
[Result "0-1"]
[PlyCount "108"]
[EventDate "2016.02.12"]

1. e4 e5 2. Nf3 d6 3. h3 Nf6 4. d3 Be7 5. Bg5 h6 6. Bxf6 Bxf6 7. Be2 Be6 8.
Nbd2 c5 9. Nf1 Nc6 10. c3 O-O 11. Ne3 b5 12. O-O Qd7 13. b3 Rfd8 14. Nd5 Bxd5
15. exd5 Ne7 16. c4 bxc4 17. Rb1 Nxd5 18. Qd2 cxb3 19. Rxb3 Nf4 20. Rfb1 Nxe2+
21. Qxe2 Re8 22. Nd2 d5 23. Rb7 Qe6 24. Rc7 Rec8 25. Rbb7 Rxc7 26. Rxc7 Qd6 27.
Rb7 Qc6 28. Rb3 a5 29. Qf3 a4 30. Rb1 Rc8 31. Qg4 Re8 32. f3 Bg5 33. Nf1 c4 34.
dxc4 Qxc4 35. Qxc4 dxc4 36. Rb2 c3 37. Rc2 Rc8 38. Kf2 f5 39. Ne3 Bxe3+ 40.
Kxe3 Kf7 41. Kd3 Ke6 42. Rxc3 Rxc3+ 43. Kxc3 Kd5 44. Kd3 g5 45. g4 e4+ 46. Ke3
f4+ 47. Ke2 Kd4 48. fxe4 Kxe4 49. a3 Kd4 50. Kf3 Kd3 51. h4 Kd4 52. hxg5 hxg5
53. Kf2 Ke4 54. Ke2 f3+ 0-1

[Event "XIX Memorial Nicola Berruto A"]
[Site "Nichelino ITA"]
[Date "2016.03.11"]
[Round "5"]
[White "Zenere, Gabriele"]
[Black "Finamore, Vito"]
[WhiteElo "1806"]
[BlackElo "1735"]
[Result "1-0"]
[PlyCount "53"]
[EventDate "2016.02.12"]

1. d4 Nf6 2. Nf3 g6 3. c4 Bg7 4. Nc3 O-O 5. e4 d6 6. h3 e5 7. d5 Nh5 8. Be2 Nf4
9. g3 Nxe2 10. Qxe2 f5 11. Bg5 Qe8 12. O-O-O a6 13. exf5 Bxf5 14. g4 Bd7 15.
Nd2 b5 16. Nde4 Qf7 17. Be3 bxc4 18. Ng5 Qe7 19. Qxc4 Bh6 20. Nce4 Bb5 21. Qc2
a5 22. h4 c6 23. h5 cxd5 24. hxg6 Bxg5 25. Bxg5 Qe6 26. Nf6+ Rxf6 27. gxh7+ 1-0

[Event "XIX Memorial Nicola Berruto A"]
[Site "Nichelino ITA"]
[Date "2016.03.18"]
[Round "6"]
[White "Alaimo, Cristian"]
[Black "De Renzi, Giuseppe"]
[WhiteElo "1940"]
[BlackElo "1553"]
[Result "1-0"]
[PlyCount "55"]
[EventDate "2016.02.12"]

1. c4 Nf6 2. Nf3 g6 3. d4 Bg7 4. Nc3 d6 5. e4 O-O 6. Be3 Bg4 7. Qd2 Nc6 8.
O-O-O e5 9. d5 Nb4 10. Bh6 c5 11. Bxg7 Kxg7 12. Be2 a5 13. h3 Bxf3 14. Bxf3 a4
15. a3 Na6 16. h4 h5 17. Be2 Nc7 18. g4 Rh8 19. Rdg1 Qd7 20. Qg5 Nh7 21. Qe3
Nf6 22. gxh5 Nxh5 23. Bxh5 Rxh5 24. Ne2 b5 25. Ng3 Rh7 26. h5 Rah8 27. Qg5 Qd8
28. Nf5+ 1-0

[Event "XIX Memorial Nicola Berruto A"]
[Site "Nichelino ITA"]
[Date "2016.03.18"]
[Round "6"]
[White "Alemanni, Marco"]
[Black "Petrini, Emanuela"]
[WhiteElo "1707"]
[BlackElo "1552"]
[Result "1/2-1/2"]
[PlyCount "86"]
[EventDate "2016.02.12"]

1. e4 d5 2. exd5 Nf6 3. Nc3 c6 4. dxc6 Nxc6 5. Nf3 Bg4 6. Be2 e5 7. d3 h6 8.
O-O Bc5 9. Bd2 O-O 10. h3 Bh5 11. Ne4 Bb6 12. Ng3 Bg6 13. Bc3 Re8 14. Re1 Nd4
15. Nxd4 Bxd4 16. Bxd4 Qxd4 17. c3 Qb6 18. Qc2 Rad8 19. Rad1 Rd6 20. Ne4 Nxe4
21. dxe4 Red8 22. Rxd6 Rxd6 23. Bc4 Qc5 24. Qe2 Kh8 25. g4 f6 26. Bd5 Rd7 27.
c4 Be8 28. Qe3 Qa5 29. a3 Rc7 30. b4 Qa4 31. Kg2 Bc6 32. Rc1 Rd7 33. Kg3 Rd6
34. f3 Rd8 35. Qc3 a6 36. Re1 Rd7 37. f4 exf4+ 38. Kxf4 Re7 39. e5 Bxd5 40.
cxd5 Qd7 41. Qd4 fxe5+ 42. Rxe5 Qd6 43. Ke4 Qg6+ 1/2-1/2

[Event "XIX Memorial Nicola Berruto A"]
[Site "Nichelino ITA"]
[Date "2016.03.18"]
[Round "6"]
[White "Barcellona, Antonino"]
[Black "Coqueraut, Lodewyk"]
[WhiteElo "1691"]
[BlackElo "1652"]
[Result "0-1"]
[PlyCount "72"]
[EventDate "2016.02.12"]

1. d4 b6 2. e4 Bb7 3. Nc3 e6 4. Bd3 f5 5. Nf3 Bb4 6. exf5 Nf6 7. O-O Bxc3 8.
bxc3 O-O 9. fxe6 dxe6 10. Ng5 Qd5 11. Nf3 Nbd7 12. Qe2 Rae8 13. Rd1 Ne4 14. c4
Qf5 15. Ba3 c5 16. d5 exd5 17. Bxe4 dxe4 18. Nh4 Qf6 19. Rxd7 Qxa1+ 20. Qf1
Qxf1+ 21. Kxf1 Ba6 22. g3 Bxc4+ 23. Ke1 Rf7 24. Rxf7 Kxf7 25. Nf5 Rd8 26. Bb2
g6 27. Nh6+ Ke6 28. a3 Bb5 29. Ng4 Ba4 30. c4 Rd1+ 31. Ke2 Rb1 32. Bh8 Rb3 33.
Nf6 Rxa3 34. Nxh7 Bb3 35. Ke3 Kf7 36. h3 Bxc4+ 0-1

[Event "XIX Memorial Nicola Berruto A"]
[Site "Nichelino ITA"]
[Date "2016.03.18"]
[Round "6"]
[White "Cadario, Mario"]
[Black "Del Duca, Giuseppe"]
[WhiteElo "1575"]
[BlackElo "1492"]
[Result "1-0"]
[PlyCount "117"]
[EventDate "2016.02.12"]

1. e4 e5 2. Nf3 Nc6 3. Nc3 Nf6 4. d4 exd4 5. Nd5 Nxe4 6. Qe2 f5 7. Ng5 Be7 8.
Nxe4 fxe4 9. Qxe4 O-O 10. Bc4 Kh8 11. O-O Bd6 12. Nf4 Bxf4 13. Bxf4 Re8 14.
Bxc7 Rxe4 15. Bxd8 Nxd8 16. Rfe1 Rxe1+ 17. Rxe1 Ne6 18. Re4 b5 19. Bxe6 dxe6
20. Rxd4 Bb7 21. f4 Kg8 22. Rd6 Rc8 23. c3 Bd5 24. a3 g6 25. g3 a5 26. Rb6 Bc4
27. Rd6 h5 28. Kf2 Kf7 29. Ke3 Ke7 30. Rd4 Bd5 31. h4 b4 32. axb4 axb4 33. Rxb4
Ra8 34. c4 Bc6 35. c5 Kf6 36. Rb6 Rc8 37. b4 Bd5 38. Kd4 Ra8 39. c6 Rc8 40. b5
Kf5 41. Ra6 Kg4 42. Ra3 Bf3 43. Re3 Bd5 44. Kc5 Kf5 45. Kb6 Rb8+ 46. Kc5 Kf6
47. c7 Ra8 48. Kd6 Bc4 49. b6 Bd5 50. Rc3 Bb7 51. Re3 Bc8 52. Rb3 Bb7 53. Kd7
Bc8+ 54. Kc6 Ra6 55. Rd3 Ke7 56. Rd8 Ra8 57. Rxc8 Ra6 58. Kb7 Kd7 59. Rd8+ 1-0

[Event "XIX Memorial Nicola Berruto A"]
[Site "Nichelino ITA"]
[Date "2016.03.18"]
[Round "6"]
[White "Coqueraut, Jean Dominique"]
[Black "Bruno, Rocco"]
[WhiteElo "1731"]
[BlackElo "1475"]
[Result "1-0"]
[PlyCount "73"]
[EventDate "2016.02.12"]

1. d4 Nf6 2. c4 e6 3. Nc3 Bb4 4. a3 Bxc3+ 5. bxc3 b6 6. f3 Ba6 7. e3 c5 8. e4
O-O 9. Bg5 d6 10. Bd3 h6 11. Bh4 Nbd7 12. Ne2 Qc7 13. Qa4 Bb7 14. O-O Rfe8 15.
Bf2 a5 16. Rab1 Rad8 17. Rb2 Bc6 18. Qc2 e5 19. d5 Bb7 20. Rfb1 Ba6 21. Ng3 Nh5
22. Nxh5 Rb8 23. Ng3 Nf8 24. Nf5 Ng6 25. g3 h5 26. Qd2 h4 27. Qg5 hxg3 28. hxg3
Bc8 29. Be3 Bxf5 30. exf5 e4 31. Bxe4 Re5 32. Rh2 Kf8 33. Qg4 Ne7 34. Rh8+ Ng8
35. f6 Qc8 36. Rxg8+ Kxg8 37. Qxg7# 1-0

[Event "XIX Memorial Nicola Berruto A"]
[Site "Nichelino ITA"]
[Date "2016.03.18"]
[Round "6"]
[White "Coxe, Marino"]
[Black "Bosetti, Roberto"]
[WhiteElo "1670"]
[BlackElo "1771"]
[Result "1-0"]
[PlyCount "59"]
[EventDate "2016.02.12"]

1. d4 Nf6 2. c4 e6 3. Nc3 Bb4 4. Bd2 c5 5. e3 cxd4 6. exd4 O-O 7. Nf3 d5 8.
cxd5 Nxd5 9. Qc2 Nc6 10. Bc4 Nf6 11. Be3 Ng4 12. O-O Nf6 13. Rad1 a6 14. a3 Be7
15. Ba2 Qa5 16. d5 exd5 17. Nxd5 Nxd5 18. Bxd5 Bg4 19. Bxc6 bxc6 20. Qxc6 Rac8
21. Qe4 Bxf3 22. Qxf3 Bf6 23. Bd4 Bxd4 24. Rxd4 Qe5 25. Rfd1 Rfe8 26. g3 g6 27.
Rd7 Qe6 28. R1d6 Qe1+ 29. Kg2 Qe4 30. Rxf7 1-0

[Event "XIX Memorial Nicola Berruto A"]
[Site "Nichelino ITA"]
[Date "2016.03.18"]
[Round "6"]
[White "Crepaldi, Manuele"]
[Black "Marguati, Massimiano"]
[WhiteElo "1777"]
[BlackElo "1911"]
[Result "0-1"]
[PlyCount "56"]
[EventDate "2016.02.12"]

1. e4 e5 2. f4 Bc5 3. Nf3 d6 4. Nc3 Nc6 5. Na4 Bg4 6. Nxc5 Bxf3 7. Qxf3 dxc5 8.
Bb5 Nge7 9. fxe5 O-O 10. c3 Nxe5 11. Qg3 N7g6 12. O-O Qd6 13. Rf5 c4 14. d4
cxd3 15. Be3 a6 16. Ba4 Nc4 17. e5 Qe6 18. Bd4 Qxf5 19. Rf1 Qe6 20. h4 Nd2 21.
Rd1 Qxa2 22. Bd7 Qd5 23. Bf5 c5 24. Be3 Nc4 25. Bxd3 Ncxe5 26. h5 Nxd3 27. hxg6
fxg6 28. Bg5 c4 0-1

[Event "XIX Memorial Nicola Berruto A"]
[Site "Nichelino ITA"]
[Date "2016.03.18"]
[Round "6"]
[White "D'Ingiullo, Roberto"]
[Black "Blundo, Michele"]
[WhiteElo "2091"]
[BlackElo "1693"]
[Result "1-0"]
[PlyCount "77"]
[EventDate "2016.02.12"]

1. e4 c5 2. Nc3 e6 3. g3 d5 4. exd5 exd5 5. Bg2 Nf6 6. d3 Be7 7. Bg5 Be6 8.
Nge2 Nc6 9. O-O O-O 10. Nf4 h6 11. Bxf6 Bxf6 12. Nfxd5 Bxd5 13. Nxd5 Bxb2 14.
Rb1 Bd4 15. Rxb7 Rb8 16. Rxb8 Qxb8 17. c3 Be5 18. f4 Bd6 19. Nf6+ gxf6 20. Bxc6
Qc8 21. Bd5 Qf5 22. Be4 Qd7 23. Qh5 Kg7 24. Rb1 Qe6 25. c4 f5 26. Bxf5 Qf6 27.
Be4 Re8 28. Kg2 Re6 29. Qg4+ Kf8 30. Qh5 Kg7 31. a4 Qd4 32. Qf5 Qf6 33. Qg4+
Kh8 34. a5 Re8 35. a6 Qd4 36. Qf5 Qg7 37. Qd7 Qf8 38. Rb7 Re7 39. Qxd6 1-0

[Event "XIX Memorial Nicola Berruto A"]
[Site "Nichelino ITA"]
[Date "2016.03.18"]
[Round "6"]
[White "Di Chiara, Mauro"]
[Black "Terzo, Andrea"]
[WhiteElo "1950"]
[BlackElo "1873"]
[Result "1-0"]
[PlyCount "109"]
[EventDate "2016.02.12"]

1. Nf3 e6 2. d4 d5 3. c4 Nf6 4. Nc3 c6 5. cxd5 exd5 6. Bg5 Be7 7. Qc2 O-O 8. e3
Nbd7 9. Bd3 Re8 10. O-O h6 11. Bh4 Ne4 12. Bxe7 Qxe7 13. b4 Ndf6 14. b5 Bg4 15.
Ne5 Nxc3 16. Qxc3 cxb5 17. Bxb5 Rec8 18. Qb3 Bf5 19. Rfc1 Rc7 20. Qb2 Rac8 21.
Bd3 Bxd3 22. Nxd3 Nd7 23. Rxc7 Rxc7 24. Rc1 Qd6 25. h3 Nb6 26. Rxc7 Qxc7 27.
Nc5 Qc6 28. Qb4 Kf8 29. Nxb7+ Ke8 30. Nd6+ Ke7 31. Nf5+ Kf6 32. Qd6+ Qxd6 33.
Nxd6 Ke6 34. Nb5 a5 35. Kf1 Kd7 36. Ke2 Kc6 37. Nc3 a4 38. f3 a3 39. e4 dxe4
40. fxe4 Nc4 41. Kd3 Nb2+ 42. Kc2 Nc4 43. g4 Na5 44. Nb1 Kb5 45. Kc3 Ka4 46. d5
Nb7 47. e5 Nc5 48. Kc4 Nd7 49. Nc3+ Ka5 50. e6 fxe6 51. dxe6 Nf6 52. Nd5 Ne8
53. Kc5 Ka6 54. Kc6 Ka7 55. Kd7 1-0

[Event "XIX Memorial Nicola Berruto A"]
[Site "Nichelino ITA"]
[Date "2016.03.18"]
[Round "6"]
[White "Di Stefano, Marco T"]
[Black "Liviabella, Lucio"]
[WhiteElo "1708"]
[BlackElo "1581"]
[Result "1-0"]
[PlyCount "45"]
[EventDate "2016.02.12"]

1. e4 c5 2. d4 cxd4 3. c3 dxc3 4. Nxc3 a6 5. Bc4 Nc6 6. Nf3 e6 7. O-O b5 8. Bb3
Bc5 9. Qe2 h6 10. Bf4 g5 11. Bg3 Nf6 12. Rac1 Bb6 13. Rfd1 O-O 14. e5 Nh5 15.
Bc2 Ng7 16. Ne4 Ne8 17. h4 f5 18. exf6 Nxf6 19. hxg5 hxg5 20. Nfxg5 Nd4 21.
Nxf6+ Qxf6 22. Qh5 Qh8 23. Bh7+ 1-0

[Event "XIX Memorial Nicola Berruto A"]
[Site "Nichelino ITA"]
[Date "2016.03.18"]
[Round "6"]
[White "Finamore, Vito"]
[Black "Ferrario, Enrico"]
[WhiteElo "1735"]
[BlackElo "1819"]
[Result "0-1"]
[PlyCount "124"]
[EventDate "2016.02.12"]

1. e4 g6 2. Bc4 Bg7 3. Ne2 d6 4. O-O Nf6 5. Nbc3 O-O 6. d3 Nc6 7. a3 e5 8. f4
exf4 9. Bxf4 Nh5 10. Be3 Ne5 11. Ba2 Qh4 12. Qe1 Qxe1 13. Raxe1 c6 14. h3 Be6
15. Bxe6 fxe6 16. Rxf8+ Rxf8 17. Bxa7 c5 18. Bb6 Rc8 19. Na4 Nd7 20. b3 Ra8 21.
Bc7 Be5 22. Nec3 Nhf6 23. Nb5 Ne8 24. c3 Kf7 25. d4 cxd4 26. cxd4 Bg3 27. Re3
Bh4 28. Bxd6 Rc8 29. Nc5 Nxc5 30. dxc5 Rd8 31. Rf3+ Kg8 32. g3 Bg5 33. e5 Bh6
34. Nd4 Ng7 35. g4 Bg5 36. c6 bxc6 37. Nxc6 Ra8 38. a4 h5 39. a5 Ra6 40. Nd4
Rxa5 41. Rf8+ Kh7 42. Rf7 Be3+ 43. Kg2 Bxd4 44. b4 Rb5 45. Kf3 Bxe5 46. Bc5
hxg4+ 47. hxg4 g5 48. Ke4 Kg6 49. Rf1 Bf4 50. Rd1 Ne8 51. Kd3 Nf6 52. Kc4 Rb7
53. Re1 Kf7 54. Rh1 Rc7 55. Kb5 e5 56. Bd6 Rb7+ 57. Kc6 Rd7 58. b5 Ke6 59. Bc7
Rd2 60. b6 Rc2+ 61. Kb7 e4 62. Rh6 Kf7 0-1

[Event "XIX Memorial Nicola Berruto A"]
[Site "Nichelino ITA"]
[Date "2016.03.18"]
[Round "6"]
[White "Lieggi, Daniele"]
[Black "Tomanin, Roberto"]
[WhiteElo "1769"]
[BlackElo "1590"]
[Result "1-0"]
[PlyCount "35"]
[EventDate "2016.02.12"]

1. e4 e5 2. Nf3 Nc6 3. d4 Bd6 4. Bc4 h6 5. dxe5 Nxe5 6. Nxe5 Bxe5 7. Bxf7+ Kxf7
8. Qd5+ Kf6 9. f4 Ne7 10. Qxe5+ Kf7 11. O-O Rf8 12. Qh5+ Kg8 13. f5 Nc6 14.
Bxh6 gxh6 15. Qg6+ Kh8 16. Qxh6+ Kg8 17. Qg6+ Kh8 18. Rf3 1-0

[Event "XIX Memorial Nicola Berruto A"]
[Site "Nichelino ITA"]
[Date "2016.03.18"]
[Round "6"]
[White "Martin, Tiziano"]
[Black "Ferretti, Carlo"]
[WhiteElo "1911"]
[BlackElo "2032"]
[Result "1-0"]
[PlyCount "71"]
[EventDate "2016.02.12"]

1. d4 Nf6 2. Nf3 c5 3. e3 g6 4. Nbd2 Bg7 5. Bd3 O-O 6. O-O d6 7. c3 Nc6 8. Qc2
Bd7 9. Re1 Rc8 10. dxc5 dxc5 11. e4 Ng4 12. h3 Nge5 13. Be2 Qc7 14. Nxe5 Nxe5
15. Nf3 Bc6 16. Be3 b6 17. Rad1 Rcd8 18. Nxe5 Qxe5 19. Rxd8 Rxd8 20. Rd1 Rf8
21. Bd3 Rd8 22. Bb5 Rc8 23. Bxc6 e6 24. Qd2 Bf6 25. Bb7 Rd8 26. Qc2 Rb8 27. Rd7
Re8 28. Qd2 Bh4 29. Bf4 Qf6 30. g3 e5 31. Be3 Qf3 32. gxh4 Qxh3 33. Qd1 Re6 34.
Bh6 Re8 35. Rd8 Qe6 36. Rxe8+ 1-0

[Event "XIX Memorial Nicola Berruto A"]
[Site "Nichelino ITA"]
[Date "2016.03.18"]
[Round "6"]
[White "Petrini, Alberto"]
[Black "Malano, Francesco"]
[WhiteElo "1920"]
[BlackElo "1878"]
[Result "0-1"]
[PlyCount "84"]
[EventDate "2016.02.12"]

1. d4 d6 2. Nf3 g6 3. c4 Bg7 4. Nc3 Nd7 5. e4 e5 6. Be2 Ne7 7. d5 a5 8. Be3 O-O
9. Nd2 f5 10. f3 b6 11. O-O Nf6 12. a3 Bd7 13. b4 axb4 14. axb4 Rxa1 15. Qxa1
fxe4 16. Ndxe4 Nf5 17. Bf2 Bh6 18. Re1 Be3 19. Bd3 Bxf2+ 20. Nxf2 Nd4 21. Ne2
Nxe2+ 22. Rxe2 Nh5 23. Ne4 Nf4 24. Rd2 Bf5 25. Nf2 Nxg2 26. Bxf5 gxf5 27. Nd3
Nh4 28. Rf2 Qg5+ 29. Kf1 Qe3 30. Ne1 f4 31. Qa7 Rf7 32. Qb8+ Kg7 33. Qd8 Ng6
34. Rg2 e4 35. Re2 Qc3 36. Rxe4 Qxb4 37. h4 h6 38. Re8 Qxc4+ 39. Kf2 Qd4+ 40.
Kf1 Qf6 41. Rg8+ Kh7 42. Qc8 Ne7 0-1

[Event "XIX Memorial Nicola Berruto A"]
[Site "Nichelino ITA"]
[Date "2016.03.18"]
[Round "6"]
[White "Salerno, Carmine"]
[Black "Petrini, Davide"]
[WhiteElo "1583"]
[BlackElo "1476"]
[Result "0-1"]
[PlyCount "58"]
[EventDate "2016.02.12"]

1. d4 d5 2. Nf3 Nf6 3. c4 c6 4. cxd5 cxd5 5. Nc3 Nc6 6. Bg5 Bg4 7. e4 e6 8. h3
Bh5 9. a3 h6 10. Bh4 a6 11. Be2 Be7 12. Bg3 Rc8 13. Rc1 O-O 14. O-O Bd6 15. Ne5
Bxe2 16. Qxe2 Bxe5 17. dxe5 Nd7 18. f4 Qb6+ 19. Bf2 Qc7 20. b4 b5 21. Qg4 Nb6
22. Ne2 Nc4 23. Rc3 Ne7 24. Nd4 Qd7 25. Rfc1 Nd2 26. Be1 Nxe4 27. R3c2 Nf5 28.
Nxf5 exf5 29. Bh4 fxg4 0-1

[Event "XIX Memorial Nicola Berruto A"]
[Site "Nichelino ITA"]
[Date "2016.03.18"]
[Round "6"]
[White "Zenere, Gabriele"]
[Black "Manunta, Andrea"]
[WhiteElo "1806"]
[BlackElo "1837"]
[Result "1/2-1/2"]
[PlyCount "70"]
[EventDate "2016.02.12"]

1. d4 e6 2. c4 Nf6 3. Nf3 b6 4. a3 Ba6 5. Qc2 Bb7 6. Nc3 c5 7. e4 cxd4 8. Nxd4
Nc6 9. Nxc6 Bxc6 10. Bg5 e5 11. Rd1 Bc5 12. b4 Bd4 13. f3 O-O 14. Bd3 h6 15.
Bc1 a5 16. Ne2 axb4 17. Nxd4 exd4 18. Qf2 bxa3 19. Qxd4 Nh5 20. Kf2 Qh4+ 21. g3
Qh3 22. Bf1 Qe6 23. g4 Nf6 24. Bf4 Ra4 25. h4 Nh7 26. g5 f5 27. gxh6 Rf7 28.
Rg1 Qf6 29. Qxf6 Nxf6 30. Rxg7+ Rxg7 31. hxg7 Kxg7 32. e5 Nh5 33. Be3 a2 34.
Bd4 Kf7 35. Ra1 Ra3 1/2-1/2